| 000 | 00343pam a2200133a 44500 | ||
|---|---|---|---|
| 008 | 230405s2012 xxu||||| |||| 00| 0 eng d | ||
| 041 | _aENG | ||
| 100 | _aS B GOKHALE / C K KOKATE | ||
| 245 | _aTEXT BOOK OF PHARMACOGNOSY(KAKATE) | ||
| 250 | _a38 | ||
| 260 |
_aNEW YORK _bJOHN WILLY & SONS NEW YORK _c2012 |
||
| 300 | _a10.14 | ||
| 906 | _a4383 | ||
| 999 |
_c279654 _d279654 |
||